Sketching and rendering interior spaces

Bibliographic Details
Main Author: Drpic, Ivo D. (Author)
Format: Book
Language:English
Published: New York : Whitney Library of Design , c1988
Subjects:

MARC

LEADER 00000cam a2200000 7i4500
001 0000007530
005 20070306093000.0
008 061205 nyu eng
020 |a 0823048535 (pbk.) 
090 0 0 |a NA2780   |b .D77 1988 
100 1 |a Drpic, Ivo D. ,   |e author 
245 1 0 |a Sketching and rendering interior spaces   |c Ivo D. Drpic 
260 2 |a New York :   |b Whitney Library of Design ,   |c c1988 
300 |a 176 p. :   |b ill. (some col.) ;   |c 29 cm. 
500 |a Includes index 
650 0 |a Architectural rendering   |x Technique 
650 0 |a Dry marker drawing   |x Technique 
650 0 |a Interior architecture   |x Designs and plans 
650 0 |a Visual perception   |x Technique 
999 |a 1000105718   |b Book   |c OPEN SHELF (30 DAYS)   |e Gong Badak Campus